000 00518nam a2200193Ia 4500
003 GCL
008 140319s9999 xx 000 0 eng d
040 _aGCL /
_cGCL
082 0 4 _a709.38
_bB D
100 1 _aBOARDMAN, JOHN
245 1 0 _aTHE DIFFUSION OF CLSSICAL ART IN ANTIQUITY /
_cBOARDMAN, JOHN
260 _a[S.N] :
_bTHAMES AND HUDSON ،
_c1994
300 _a351P
650 0 4 _aANTIQUITIES
650 0 4 _aART, CLASSICAL
650 0 4 _aNEAR EAST AND PRSIAN EMPIRE
650 0 4 _aART, GREEK
942 _2ddc
_cBK
999 _c10872
_d10872